000 00771nam a2200241 a 4500
001 48935
003 BD-RjUL
005 20211209054617.0
008 160817s1968 bg ||||| |||| 00| 0 ben d
020 _cTk. 2.00
035 _a(BD-RjUL)49054
040 _aBD-RjUL
_bben
_cBD-RjUL
041 _aben
082 _223
_aB 891.442
_bALN 1968
100 _aআলাউদ্দীন, মোঃ
_9147378
245 _aনকল মানুষ /
_c মোঃ আলাউদ্দীন
250 _a১ম সং
260 _aবগুড়া :
_bসাহিত্য কুটির,
_c১৯৬৮.
300 _a১০৬ পৃ. ;
_c১৭ সেমি.
650 _aবাংলা নাটক
_9147379
650 _aBengali Drama
_9147380
942 _2ddc
_cBK
999 _c48935
_d48935